Οι Έλληνες ζωγράφοι.
Αποθηκεύτηκε σε:
| Άλλοι συγγραφείς: | |
|---|---|
| Μορφή: | Βιβλίο |
| Γλώσσα: | Greek |
| Δημοσίευση: |
Αθήνα :
Μέλισσα,
c1976.
|
| Σειρά: | Καλλιτεχνική βιβλιοθήκη
|
| Θέματα: | |
| Ετικέτες: |
Προσθήκη ετικέτας
Δεν υπάρχουν, Καταχωρήστε ετικέτα πρώτοι!
|
MARC
| LEADER | 00000cam a2200000 i 4500 | ||
|---|---|---|---|
| 001 | 1/102271 | ||
| 008 | 960530s1976 gr | ||| |||| ||gre|| | ||
| 035 | |a 1992 |b 3 |c Αγορά/Καμπουροπούλου |l 10103594 | ||
| 035 | |a 1988 |b 2 |c Αγορά/Καμπουροπούλου | ||
| 040 | |a GR-MyUa |b gre |e AACR2 | ||
| 041 | 0 | |a gre | |
| 082 | 7 | |a 700.922 |2 (22) | |
| 082 | 7 | |a 759.9495 |2 (22) | |
| 245 | 0 | 3 | |a Οι Έλληνες ζωγράφοι. |
| 260 | |a Αθήνα : |b Μέλισσα, |c c1976. | ||
| 300 | |a 4 τ. : |b έγχρ. εικ. ; |c 36 εκ. | ||
| 490 | 1 | |a (Καλλιτεχνική βιβλιοθήκη) | |
| 504 | |a Βιβλιογραφία. Ευρετήριο. | ||
| 505 | 8 | |a Τ. 1. Από τον 19ο αιώνα στον 20ο -- τ. 2. 20ός αιώνας -- τ. 3. Η ιστορία της νεοελληνικής ζωγραφικής (16ος-20ος αιώνας) / Στέλιου Λυδάκη -- τ. 4. Λεξικό των Ελλήνων ζωγράφων και χαρακτών (16ος-20ος αιώνας) / Στέλιου Λυδάκη. | |
| 650 | 0 | |a Painters |z Greece. | |
| 650 | 0 | |a Painting, Greek. | |
| 650 | 0 | |a Painting, Greek |y 19th century. | |
| 650 | 0 | |a Painting, Greek |y 20th century. | |
| 650 | 0 | |a Engraving, Greek. | |
| 650 | 0 | |a Engravers |z Greece. | |
| 700 | 1 | |a Λυδάκης, Στέλιος. | |
| 740 | 0 | |a Λεξικό των Ελλήνων ζωγράφων και χαρακτών (16ος-20ος αιώνας). | |
| 740 | 2 | |a Η ιστορία της νεοελληνικής ζωγραφικής (16ος-20ος αιώνας). | |
| 830 | 0 | |a Καλλιτεχνική βιβλιοθήκη | |
| 852 | |a INST |b LESVOS |e 20090519 |h 759.9495 ΛΥΔ |p 005100044837 |q 005100044837 |t REF |y 23 |z τ.1 | ||
| 852 | |a INST |b LESVOS |e 20090519 |h 759.9495 ΛΥΔ |p 005100044838 |q 005100044838 |t REF |y 23 |z τ.2 | ||
| 852 | |a INST |b LESVOS |e 20090519 |h 759.9495 ΛΥΔ |p 005100044839 |q 005100044839 |t REF |y 23 |z τ.3 | ||
| 852 | |a INST |b LESVOS |e 20090519 |h 759.9495 ΛΥΔ |p 005100044840 |q 005100044840 |t REF |y 23 |z τ.4 | ||
| 852 | |a INST |b LESVOS |e 20090519 |h 759.9495 ΛΥΔ |p 005100044837 |q 005100044837 |t REF |v τ.1: |y 23 |z τ.1 | ||
| 852 | |a INST |b LESVOS |e 20090519 |h 759.9495 ΛΥΔ |p 005100044838 |q 005100044838 |t REF |v τ.2: |y 23 |z τ.2 | ||
| 852 | |a INST |b LESVOS |e 20090519 |h 759.9495 ΛΥΔ |p 005100044839 |q 005100044839 |t REF |v τ.3: |y 23 |z τ.3 | ||
| 852 | |a INST |b LESVOS |e 20090519 |h 759.9495 ΛΥΔ |p 005100044840 |q 005100044840 |t REF |v τ.4: |y 23 |z τ.4 | ||
| 852 | |a INST |b RHODES |e 19960530 |h 759.9495 ΕΛΛ |p 005400005142 |q 005400005142 |t REF |y 23 |z τ.3 | ||
| 852 | |a INST |b RHODES |e 19961003 |h 759.9495 ΕΛΛ |p 005400006038 |q 005400006038 |t REF |y 23 |z τ.4 | ||
| 852 | |a INST |b RHODES |e 19961003 |h 759.9495 ΕΛΛ |p 005400006039 |q 005400006039 |t REF |y 23 |z τ.2 | ||
| 852 | |a INST |b RHODES |e 19961003 |h 759.9495 ΕΛΛ |p 005400006040 |q 005400006040 |t REF |y 23 |z τ.1 | ||
| 852 | |a INST |b RHODES |e 20030206 |h 759.9495 ΕΛΛ |p 005400015804 |q 005400015804 |t REF |y 23 |z τ.4 | ||
| 852 | |a INST |b RHODES |e 19960530 |h 759.9495 ΕΛΛ |p 005400005142 |q 005400005142 |t REF |v τ.3: |y 23 |z τ.3 | ||
| 852 | |a INST |b RHODES |e 19961003 |h 759.9495 ΕΛΛ |p 005400006038 |q 005400006038 |t REF |v τ.4: |y 23 |z τ.4 | ||
| 852 | |a INST |b RHODES |e 19961003 |h 759.9495 ΕΛΛ |p 005400006039 |q 005400006039 |t REF |v τ.2: |y 23 |z τ.2 | ||
| 852 | |a INST |b RHODES |e 19961003 |h 759.9495 ΕΛΛ |p 005400006040 |q 005400006040 |t REF |v τ.1: |y 23 |z τ.1 | ||
| 852 | |a INST |b RHODES |e 20030206 |h 759.9495 ΕΛΛ |p 005400015804 |q 005400015804 |t REF |v τ.4: |y 23 |z τ.4 | ||
| 852 | |a INST |b RHODES |c AKA |e 20081218 |h 759.9495 ΕΛΛ |p 005400031656 |q 005400031656 |t REF |v τ.1: |y 23 |z τ.1 | ||
| 852 | |a INST |b RHODES |c AKA |e 20081218 |h 759.9495 ΕΛΛ |p 005400031657 |q 005400031657 |t REF |v τ.2: |y 23 |z τ.2 | ||
| 852 | |a INST |b RHODES |c AKA |e 20081218 |h 759.9495 ΕΛΛ |p 005400031658 |q 005400031658 |t REF |v τ.3: |y 23 |z τ.3 | ||
| 852 | |a INST |b RHODES |c AKA |e 20081218 |h 759.9495 ΕΛΛ |p 005400031659 |q 005400031659 |t REF |v τ.4: |y 23 |z τ.4 | ||
| 852 | |a INST |b RHODES |c AKA |e 20081218 |h 759.9495 ΕΛΛ |p 005400031660 |q 005400031660 |t REF |v τ.4: |y 23 |z τ.4 | ||
| 852 | |a INST |b SYROS |e 20090306 |h 700.922 ΕΛΛ |p 005500008623 |q 005500008623 |t REF |y 23 |z τ.3 | ||
| 852 | |a INST |b SYROS |e 20090306 |h 700.922 ΕΛΛ |p 005500008623 |q 005500008623 |t REF |v τ.3: |y 23 |z τ.3 | ||
| 852 | |a INST |b SYROS |c EUDOXUS |e 20200220 |h 700.922 ΕΛΛ |p 005500015059 |q 005500015059 |t REF |v τ.2: |y 23 | ||
| 853 | |a INST |b LESVOS |h 759.9495 ΛΥΔ | ||
| 853 | |a INST |b RHODES |h 759.9495 ΕΛΛ | ||
| 853 | |a INST |b RHODES |c AKA |h 759.9495 ΕΛΛ | ||
| 853 | |a INST |b SYROS |h 700.922 ΕΛΛ | ||
| 853 | |a INST |b SYROS |c EUDOXUS |h 700.922 ΕΛΛ | ||
| 901 | |a BIBL5-2009-1 | ||
| 901 | |a BIBL1-2009-2 | ||
| 922 | |a 5ΕΛΗ |b 200708 |c ΕΠΕΑΕΚ2/ΤΜΣΠΣ |d Σ. Πατάκης | ||
| 970 | |a Καγιαβά |b Ειρήνη |z 2009/03/06 | ||